000 01029nam0a22002531 4500
001 v19\rc\1261236
005 20250618001718.0
035 _a(NLR Aleph) 004415418
090 _a4064056
_c4064056
100 _a20060306e18931893|||y0rusy50 ca
101 0 _arus
102 _aRU
105 _ay z |||||
200 1 _aЦиклопия у ягненка
_eДемонстрировано в о-ве врачей в Николаеве
_f[Соч.] Вет. врач П.В. Вознесенский
210 _aСанкт-Петербург
_cтип. М-ва вн. дел
_d[1893]
215 _a2 с.
311 _aОтд. отт. из "Архива вет. наук" за март 1893 г.
488 0 _12001#$aАрхив ветеринарных наук$v1893, март
_tАрхив ветеринарных наук
700 1 _aВознесенский
_bП.В.
_f1858-
_gПетр Владимирович
801 0 _aRU
_bNLR
_gpsbo
801 1 _aRU
_bProSoft-M
_2rusmarc
852 _aNLR
_j18.182.3.372
942 _cBOOK
980 _aNB